Modification of polymers (Record no. 39342)
[ view plain ]
| 000 -LEADER | |
|---|---|
| fixed length control field | 00421nam a2200157Ia 4500 |
| 082 ## - DEWEY DECIMAL CLASSIFICATION NUMBER | |
| Classification number | 678.54 |
| Item number | CAR |
| 245 #0 - TITLE STATEMENT | |
| Title | Modification of polymers |
| 260 ## - PUBLICATION, DISTRIBUTION, ETC. (IMPRINT) | |
| Place of publication | New York |
| Name of publisher | Plenum |
| Year of publication | 1983 |
| 490 ## - SERIES STATEMENT | |
| Series statement | Polymer Science and technology V 21 |
| 650 ## - SUBJECT ADDED ENTRY--TOPICAL TERM | |
| Topical Term | Block additives |
| 650 ## - SUBJECT ADDED ENTRY--TOPICAL TERM | |
| Topical Term | Graft copolymers |
| 700 ## - ADDED ENTRY--PERSONAL NAME | |
| Personal name | Carracher, Charles E |
| 700 ## - ADDED ENTRY--PERSONAL NAME | |
| Personal name | Moore, James A |
| 942 ## - ADDED ENTRY ELEMENTS (KOHA) | |
| Koha item type | Books |
| Withdrawn status | Lost status | Damaged status | Not for loan | Home library | Current library | Date acquired | Cost, normal purchase price | Full call number | Accession Number | Koha item type |
|---|---|---|---|---|---|---|---|---|---|---|
| RRII Library | RRII Library | 16/12/2021 | 90.00 | 678.54 CAR | 19678 | Books |